Fingerprint template protection using blockchain (Record no. 5716)
[ view plain ]
| 000 -LEADER | |
|---|---|
| fixed length control field | 00502nam a22001817a 4500 |
| 003 - CONTROL NUMBER IDENTIFIER | |
| control field | OSt |
| 005 - DATE AND TIME OF LATEST TRANSACTION | |
| control field | 20220107122829.0 |
| 008 - FIXED-LENGTH DATA ELEMENTS--GENERAL INFORMATION | |
| fixed length control field | 170713b xxu||||| |||| 00| 0 eng d |
| 040 ## - CATALOGING SOURCE | |
| Transcribing agency | IIITMK |
| 100 ## - MAIN ENTRY--PERSONAL NAME | |
| Personal name | Sona, K(93615031) |
| 9 (RLIN) | 12244 |
| 245 ## - TITLE STATEMENT | |
| Title | Fingerprint template protection using blockchain |
| 300 ## - PHYSICAL DESCRIPTION | |
| Extent | CSIS-Main project |
| 502 ## - DISSERTATION NOTE | |
| Degree type | CSIS |
| Name of granting institution | 2015-2017 |
| Year degree granted | INT |
| -- | Dr. Tony Thomas |
| 650 ## - SUBJECT ADDED ENTRY--TOPICAL TERM | |
| Topical term or geographic name entry element | BLOCKCHAIN |
| 9 (RLIN) | 12245 |
| 650 ## - SUBJECT ADDED ENTRY--TOPICAL TERM | |
| Topical term or geographic name entry element | DATABASE |
| 9 (RLIN) | 12246 |
| 650 ## - SUBJECT ADDED ENTRY--TOPICAL TERM | |
| Topical term or geographic name entry element | PEER TO PEER NETWORK |
| 9 (RLIN) | 12247 |
| 942 ## - ADDED ENTRY ELEMENTS (KOHA) | |
| Source of classification or shelving scheme | Dewey Decimal Classification |
| Koha item type | |
| Withdrawn status | Lost status | Source of classification or shelving scheme | Damaged status | Not for loan | Home library | Current library | Shelving location | Date acquired | Total Checkouts | Barcode | Date last seen | Price effective from | Koha item type |
|---|---|---|---|---|---|---|---|---|---|---|---|---|---|
| Dewey Decimal Classification | IIITM-K | Kerala University of Digital Sciences, Innovation and Technology Knowledge Centre | 13/07/2017 | R-1247 | 13/07/2017 | 13/07/2017 | Project Reports |